A first reader in korean writing in mixed script
Guardat en:
| Autor principal: | |
|---|---|
| Format: | Llibre |
| Idioma: | anglès coreà |
| Publicat: |
Seúl
Yonsei University Press
1995
|
| Matèries: | |
| Etiquetes: |
Afegir etiqueta
Sense etiquetes, Sigues el primer a etiquetar aquest registre!
|
MARC
| LEADER | 00000nam a2200000 a 4500 | ||
|---|---|---|---|
| 001 | UCP1924 | ||
| 003 | CL-VaPUC | ||
| 008 | 990430e19950000KO |||||||||||||||||eng|d | ||
| 041 | 0 | 7 | |a eng |2 CL-VaPUC |
| 041 | 0 | 7 | |a kor |2 CL-VaPUC |
| 082 | 0 | 4 | |a 495.7 |b LUK |2 21 |
| 100 | |a Lukoff, Fred |e autor |9 428258 | ||
| 245 | 1 | 2 | |a A first reader in korean writing in mixed script |
| 300 | |a 300 p | ||
| 942 | |c BK | ||
| 945 | |d 19990430 00:00:00 |a rbrito | ||
| 260 | |a Seúl |b Yonsei University Press |c 1995 | ||
| 650 | 7 | |a COREANO |2 CL-VaPUC |9 411031 | |
| 650 | 7 | |a ENSEÑANZA DEL COREANO |2 CL-VaPUC |9 420901 | |
| 650 | 0 | |a Enseñanza de idiomas |9 339820 | |
| 650 | 0 | |a Ejercicios de escritura |9 346986 | |
| 650 | 0 | |a Lectura |9 307634 | |
| 583 | |a last modification |c 19990430 00:00:00 |k Rodrigo Vera | ||
| 999 | |c 280553 |d 280551 | ||
| 952 | |0 0 |1 0 |4 0 |6 495_700000000000000_LUK_1995 |7 0 |8 A |9 320903 |a BIBGIM |b BIBGIM |d 2019-11-20 |i 352051K |o 495.7 LUK 1995 |p 352051K |r 2025-01-15 |w 2019-11-20 |y BK |k ORI | ||